14 mots faciles en japonais - Statistiques

Statistiques générales
  • Ce quiz a été pris 139 fois
  • Le résultat moyen est 11 sur 14
Statistiques - réponses
Japonais Français % Correct
Arigato merci
98%
Konnichiwa bonjour
96%
Sayonara au revoir
89%
Arigato gozaimasu merci beaucoup
88%
san 3
85%
ichi 1
84%
ni 2
84%
iie non
81%
hai oui
81%
Okaa-san maman
80%
Otoo-san papa
79%
Konbanwa bonsoir
69%
onegaishimasu s'il vous plait
63%
oyasumi bonne nuit
47%
Aucun quiz correspondant
Distribution des résultats
% des personnes avec chaque résultat
Percentile par nombre de réponses
Votre historique - résultats
Vous n’avez pas pris ce quiz